000 00258nam a2200085Ia 4500
245 0 _aRhino keepers struggle for survival
100 _a Walker, Clive Sunnyside, South Africa, [c.2012]
_976762
942 _cBK
008 210817s9999 xx 000 0 und d
999 _c260301
_d260300